PMP: Project Management Professional Study Guide (Record no. 11204)
[ view plain ]
| 000 -LEADER | |
|---|---|
| fixed length control field | 00524 a2200157 4500 |
| 020 ## - INTERNATIONAL STANDARD BOOK NUMBER | |
| International Standard Book Number | 0070586853 |
| 082 ## - DEWEY DECIMAL CLASSIFICATION NUMBER | |
| Classification number | 658.404 |
| 090 ## - LOCALLY ASSIGNED LC-TYPE CALL NUMBER (OCLC); LOCAL CALL NUMBER (RLIN) | |
| -- | 7401 |
| -- | 7401 |
| 100 ## - MAIN ENTRY--PERSONAL NAME | |
| Personal name | Phillips, Joseph |
| 245 ## - TITLE STATEMENT | |
| Title | PMP: Project Management Professional Study Guide |
| Statement of responsibility, etc. | Phillips, Joseph |
| 260 ## - PUBLICATION, DISTRIBUTION, ETC. | |
| Place of publication, distribution, etc. | New Delhi (India) |
| Name of publisher, distributor, etc. | The McGraw-Hill |
| Date of publication, distribution, etc. | 2004 |
| 300 ## - PHYSICAL DESCRIPTION | |
| Extent | xxxi, 600 p. ; |
| Other physical details | ill. ; |
| Dimensions | 25 cm. |
| 500 ## - GENERAL NOTE | |
| General note | Includes index |
| 650 ## - SUBJECT ADDED ENTRY--TOPICAL TERM | |
| Topical term or geographic name entry element | 1. Project management--examinations. 2. Electronic data processing personnel--certification. |
| 942 ## - ADDED ENTRY ELEMENTS (KOHA) | |
| Koha item type | Book |
| Call number prefix | 658.404 PHI |
| Withdrawn status | Lost status | Damaged status | Not for loan | Permanent Location | Current Location | Date acquired | Total Checkouts | Full call number | Barcode | Date last seen | Date last checked out | Price effective from | Koha item type |
|---|---|---|---|---|---|---|---|---|---|---|---|---|---|
| Central Library (CL) | Central Library (CL) | 09/12/2025 | 2 | 658.404 PHI | SEECSD00683 | 10/27/2025 | 09/12/2025 | 11/14/2012 | Book |
